<?xml version="1.0" encoding="UTF-8"?>
<record
    xmlns:xsi="http://www.w3.org/2001/XMLSchema-instance"
    xsi:schemaLocation="http://www.loc.gov/MARC21/slim http://www.loc.gov/standards/marcxml/schema/MARC21slim.xsd"
    xmlns="http://www.loc.gov/MARC21/slim">

  <leader>00570nam a2200193 i 4500</leader>
  <controlfield tag="001">190708</controlfield>
  <controlfield tag="003">ES-MaACL</controlfield>
  <controlfield tag="005">20250806063144.0</controlfield>
  <controlfield tag="007">qu</controlfield>
  <controlfield tag="008">220511s1987    sp g          001 1dspa</controlfield>
  <datafield tag="100" ind1="1" ind2=" ">
    <subfield code="a">Iturralde Ochoa, Pedro,</subfield>
    <subfield code="d">1929-2020</subfield>
    <subfield code="9">160969</subfield>
  </datafield>
  <datafield tag="245" ind1="1" ind2="4">
    <subfield code="a">Los arm&#xF3;nicos en el saxof&#xF3;n</subfield>
    <subfield code="h">[M&#xFA;sica impresa]  / </subfield>
    <subfield code="c">Pedro Iturralde.</subfield>
  </datafield>
  <datafield tag="260" ind1=" " ind2=" ">
    <subfield code="a">Madrid : </subfield>
    <subfield code="b">Musicinco, </subfield>
    <subfield code="c">[1987]</subfield>
  </datafield>
  <datafield tag="300" ind1=" " ind2=" ">
    <subfield code="a">52 p. : </subfield>
    <subfield code="b">m&#xFA;s. ; </subfield>
    <subfield code="c">32 cm.</subfield>
  </datafield>
  <datafield tag="650" ind1=" " ind2="7">
    <subfield code="a">Saxof&#xF3;n-</subfield>
    <subfield code="v">M&#xE9;todos.</subfield>
    <subfield code="9">174457</subfield>
  </datafield>
  <datafield tag="852" ind1="4" ind2=" ">
    <subfield code="a">ES-MaACL</subfield>
    <subfield code="j">2343-F-30</subfield>
  </datafield>
  <datafield tag="942" ind1=" " ind2=" ">
    <subfield code="2">udc</subfield>
  </datafield>
  <datafield tag="999" ind1=" " ind2=" ">
    <subfield code="c">190708</subfield>
    <subfield code="d">190708</subfield>
  </datafield>
  <datafield tag="952" ind1=" " ind2=" ">
    <subfield code="0">0</subfield>
    <subfield code="1">0</subfield>
    <subfield code="2">udc</subfield>
    <subfield code="4">0</subfield>
    <subfield code="7">0</subfield>
    <subfield code="8">Colecci&#xF3;n_de_folletos</subfield>
    <subfield code="a">ATENEOM</subfield>
    <subfield code="b">ATENEOM</subfield>
    <subfield code="c">DEPOF</subfield>
    <subfield code="d">2022-05-11</subfield>
    <subfield code="l">0</subfield>
    <subfield code="o">2343-F-30</subfield>
    <subfield code="p">1202945</subfield>
    <subfield code="r">2023-02-23 00:00:00</subfield>
    <subfield code="w">2023-02-23</subfield>
    <subfield code="y">FOLLETOS</subfield>
  </datafield>
</record>
